000 00518cam a22001933a 4500
001 45278
003 PGUSA
005 20140828084035.0
008 140331s2014||||xxu|||||s|||||000 | eng d
040 _aPGUSA
_beng
042 _adc
245 1 0 _aGoody Two Shoes
_h[electronic resource] /
_cAnonymous
260 _bProject Gutenberg,
_c2014
506 _aPublic domain in the USA.
516 _aElectronic text
830 0 _aProject Gutenberg
_v45278
856 4 0 _uhttp://www.gutenberg.org/ebooks/45278
942 _cEB
999 _c274529
_d274529